|
|
|
|
| LEADER |
02311nam a2200625 i 4500 |
| 001 |
nkc20193081473 |
| 003 |
CZ PrNK |
| 005 |
20191125103425.0 |
| 007 |
ta |
| 008 |
190308s2019 xr a a 000 0 cze |
| 015 |
|
|
|a cnb003081473
|
| 020 |
|
|
|a 978-80-88276-61-6
|q (brožováno)
|
| 035 |
|
|
|a (OCoLC)1130273796
|
| 040 |
|
|
|a OLA001
|b cze
|e rda
|
| 041 |
1 |
|
|a cze
|h ita
|
| 072 |
|
7 |
|a 629
|x Dopravní prostředky
|2 Konspekt
|9 19
|
| 072 |
|
7 |
|a 0/9-053.2
|x Literatura pro děti a mládež (naučná)
|2 Konspekt
|9 26
|
| 080 |
|
|
|a 629.331
|2 MRF
|
| 080 |
|
|
|a 629.371.23
|2 MRF
|
| 080 |
|
|
|a (084.1.029.2)
|2 MRF
|
| 080 |
|
|
|a (084.11)
|2 MRF
|
| 080 |
|
|
|a (0.053.2)
|2 MRF
|
| 100 |
1 |
|
|a Ardiani, Sergio,
|d 1967-
|7 ola20191056255
|4 ill
|
| 240 |
1 |
0 |
|a Ferrari sticker book le più belle auto da strada.
|l Česky
|
| 245 |
1 |
0 |
|a Ferrari knížka se samolepkami.
|p Nejkrásnější silniční vozy /
|c ilustrace: Sergio Ardiani ; překlad: Lumír Mikulka
|
| 246 |
3 |
0 |
|a Nejkrásnější silniční vozy
|
| 250 |
|
|
|a 1. vydání
|
| 264 |
|
1 |
|a Praha :
|b Presco Group, a.s.,
|c 2019
|
| 300 |
|
|
|a 24 nečíslovaných stran :
|b barevné ilustrace ;
|c 31 cm +
|e 10 nečíslovaných listů samolepek
|
| 336 |
|
|
|a text
|b txt
|2 rdacontent
|
| 336 |
|
|
|a statický obraz
|b sti
|2 rdacontent
|
| 337 |
|
|
|a bez média
|b n
|2 rdamedia
|
| 338 |
|
|
|a svazek
|b nc
|2 rdacarrier
|
| 490 |
1 |
|
|a Ella & Max
|
| 500 |
|
|
|a Přeloženo z italštiny
|
| 500 |
|
|
|a Listy se samolepkami všity uprostřed publikace
|
| 500 |
|
|
|a Tištěno napříč
|
| 521 |
8 |
|
|a Určeno pro děti od 3 let
|
| 650 |
0 |
7 |
|a Ferrari (automobily)
|7 ph138618
|2 czenas
|
| 650 |
0 |
7 |
|a sportovní automobily
|7 ph116249
|2 czenas
|
| 650 |
0 |
9 |
|a Ferrari automobile
|2 eczenas
|
| 650 |
0 |
9 |
|a sports automobiles
|2 eczenas
|
| 655 |
|
7 |
|a samolepky
|7 fd119297
|2 czenas
|
| 655 |
|
7 |
|a obrazové publikace
|7 fd132947
|2 czenas
|
| 655 |
|
7 |
|a publikace pro děti
|7 fd133156
|2 czenas
|
| 655 |
|
9 |
|a stickers
|2 eczenas
|
| 655 |
|
9 |
|a pictorial works
|2 eczenas
|
| 655 |
|
9 |
|a children's literature
|2 eczenas
|
| 700 |
1 |
|
|a Mikulka, Lumír,
|d 1964-
|7 ola20040324003
|4 trl
|
| 830 |
|
0 |
|a Ella & Max
|0 s
|
| 910 |
2 |
|
|a BOA001
|b 4-1440.013
|
| 990 |
|
|
|a BK
|
| 995 |
|
|
|a 01
|
| 991 |
|
|
|b 201911
|c NOV
|
| 996 |
6 |
|
|b 2610806081
|c 4-1440.013
|l MZK
|r Sklad / do 1 hodiny
|n 0
|p p.v.
|w 001768290
|u 000010
|a 1
|e BOA001
|j MZK50
|s P
|